Tovaroznalectvo a kvalita tovaru

Gespeichert in:
Bibliographische Detailangaben
1. Verfasser: Kollár, Vojtech
Körperschaft: Ekonomická univerzita v Bratislave. Obchodná fakulta
Weitere Verfasser: Roman, Emil, Strhan, Rastislav, 1968-
Format: Buch
Sprache:Slowakisch
Veröffentlicht: Bratislava Ekonóm 1996
Ausgabe:2. vyd.
Schlagworte:
Tags: Tag hinzufügen
Keine Tags, Fügen Sie das erste Tag hinzu!

MARC

LEADER 00000nam a2200000 4500
001 c016178
005 20221214072155.1
020 |a 80-225-0814-4 
041 0 |a slo 
044 |a SK 
245 1 0 |a Tovaroznalectvo a kvalita tovaru  |c Vojtech Kollár, Emil Roman, Rastislav Strhan 
250 |a 2. vyd. 
264 1 |a Bratislava  |b Ekonóm  |c 1996 
300 |a 259 s. 
610 2 0 |a tovaroznalectvo 
610 2 0 |a výrobky 
610 2 0 |a kvalita výrobkov 
610 2 0 |a služby 
610 2 0 |a tovar 
610 2 0 |a politika výrobková 
610 2 0 |a vývoj výrobku 
610 2 0 |a ochrana výroby 
610 2 0 |a balenie 
610 2 0 |a obaly 
610 2 0 |a preprava 
610 2 0 |a skladovanie 
610 2 0 |a ochrana prostredia životného 
610 2 0 |a ekológia 
100 1 |a Kollár, Vojtech 
700 1 |a Roman, Emil 
700 1 |a Strhan, Rastislav, 1968- 
710 2 |a Ekonomická univerzita v Bratislave. Obchodná fakulta